Baltimore Ravens All Time Leaders - Statistics

General Stats
  • This quiz has been taken 102 times
  • The average score is 6 of 8
Answer Stats
Stat Num Answer Years % Correct
RushingYards 7,801 Jamal Lewis 2000-06
100%
PassingYards 38,245 Joe Flacco 2008-18
100%
Solo Tackles 1,568 Ray Lewis 1996-12
100%
Interceptions 61 Ed Reed 2002-12
94%
Sacks 132.5 Terrell Suggs 2003-18
77%
ReceivingYards 5,777 Derrick Mason 2005-10
47%
Field GoalsMade 354 Matt Stover 1996-08
37%
Total Points 1,464 Matt Stover 1996-08
37%
No matching quizzes found
Score Distribution
Percent of People with Each Score
Percentile by Number Answered
Your Score History
You have not taken this quiz